Labour force statistics 1971-1991

Salvato in:
Dettagli Bibliografici
Natura: Libro
Lingua:francese
inglese
Pubblicazione: Paris OECD 1993
Serie:Statistics Directorate
Soggetti:
Tags: Aggiungi Tag
Nessun Tag, puoi essere il primo ad aggiungerne!!

MARC

LEADER 00000nam a2200000 4500
001 c003113
005 20221214083557.8
020 |a 92-64-03891-4 
041 0 |a fre 
041 0 |a eng 
044 |a FR 
245 1 0 |a Labour force statistics 1971-1991 
264 1 |a Paris  |b OECD  |c 1993 
300 |a 509 s. 
490 1 |a Statistics Directorate 
830 0 |a Statistics Directorate 
610 2 0 |a štatistika síl pracovných 
610 2 0 |a 1971-1991 
610 2 0 |a populácia 
610 2 0 |a obyvateľstvo aktívne 
610 2 0 |a zamestnanosť 
610 2 0 |a nezamestnanosť